000 00503nam a22001577a 4500
082 _aBIT-10 AJA
100 _aAjab Ali Abro
_993113
245 _aSaaS (Software as a service) based practice management system (PMS)
260 _aIslamabad
_bNUST-SEECS
_c2012
300 _a85
_b25cm
_eCD ROM
500 _aSupervisors: Dr. Ali Mustafa, Saad Arshed
563 _aHB
700 _aMansoor Ahmed, Muhammad Afzal
_993114
856 _uhttp://10.250.8.41:8080/xmlui/handle/123456789/11735
942 _cPR
_2ddc
999 _c13013
_d13013